000 00909nam a2200253 i 4500
001 187385
003 ES-MaACL
005 20260304133143.0
008 170628s1911 sp |||| | spa d
080 _a821.134.2-95"18"
100 1 _aValera, Juan,
_d1824-1905
_9112638
245 1 0 _aCrítica literaria :
_b(1896-1898) /
_cJuan Valera.
260 _a[Madrid :
_bs.n.],
_c1911 (
_fImp. Alemana)
300 _a336 p. ;
_c17 cm.
490 1 _aObras completas ;
_v29
505 8 _aContiene: Fines del arte fuera del arte ; Del progreso en el arte de la palabra ; El superhombre
530 _aDisponible en formato digital.
650 _aLiteratura-
_xHistoria y crítica.
_914489
830 1 _aObras completas ;
_v29
_9176447
852 _aES-MaACL
_jB-2873
_cSPB
856 4 _uhttp://bdh-rd.bne.es/viewer.vm?id=0000201086&page=1
_yBiblioteca Digital Hispánica
942 _2udc
999 _c187385
_d187385